What is the church? (Record no. 9019)

000 -LEADER
fixed length control field 00560nam a2200193 a 4500
001 - CONTROL NUMBER
control field :::00006800$&:&@@
003 - CONTROL NUMBER IDENTIFIER
control field OkBaRHE
005 - DATE AND TIME OF LATEST TRANSACTION
control field 20000607103333.0
008 - FIXED-LENGTH DATA ELEMENTS--GENERAL INFORMATION
fixed length control field s1975 j 000 0 eng u
040 ## - CATALOGING SOURCE
Transcribing agency
245 10 - TITLE STATEMENT
Title What is the church?
260 ## - PUBLICATION, DISTRIBUTION, ETC. (IMPRINT)
Place of publication, distribution, etc Cleveland, TN., :
Name of publisher, distributor, etc Pathway Press
Date of publication, distribution, etc c1975
300 ## - PHYSICAL DESCRIPTION
Extent 143 p. : illus. ;
Dimensions 18 cm.
490 0# - SERIES STATEMENT
Series statement Making life count series.
650 ## - SUBJECT ADDED ENTRY--TOPICAL TERM
Topical term or geographic name as entry element Church
650 ## - SUBJECT ADDED ENTRY--TOPICAL TERM
Topical term or geographic name as entry element Church History
942 ## - ADDED ENTRY ELEMENTS (KOHA)
Source of classification or shelving scheme
Koha item type Books
Copies
Copy number Withdrawn status Not for loan Date last seen Koha item type Full call number Price effective from Barcode Damaged status Shelving location Permanent Location Date acquired Lost status Source of classification or shelving scheme
1  2010-04-14BooksBV 600 .W462010-04-146800 General StacksRHEMA Bible Training College2010-04-14